Cuenta anual Dirección Escuela de Ingeniería Comercial 2004
Сохранить в:
| Соавтор: | |
|---|---|
| Формат: | |
| Язык: | испанский |
| Опубликовано: |
Valparaíso
Pontificia Universidad Católica de Valparaíso
2004
|
| Предметы: | |
| Метки: |
Добавить метку
Нет меток, Требуется 1-ая метка записи!
|
MARC
| LEADER | 00000cam a2200000 a 4500 | ||
|---|---|---|---|
| 001 | UCF8070 | ||
| 003 | CL-VaPUC | ||
| 008 | 130725e20040000cl |||||||||||||||||spa|d | ||
| 082 | 0 | 4 | |a 378.107 |b PON |2 21 |
| 110 | 2 | |a Pontificia Universidad Católica de Valparaíso |e author |9 570147 | |
| 245 | 1 | 0 | |a Cuenta anual Dirección Escuela de Ingeniería Comercial 2004 |
| 300 | |a 52 p | ||
| 942 | |c BK | ||
| 945 | |d 20130725 00:00:00 |a dcastane | ||
| 260 | |a Valparaíso |b Pontificia Universidad Católica de Valparaíso |c 2004 | ||
| 650 | 0 | |a Educación superior |9 223851 | |
| 650 | 0 | |a Universidades chilenas |9 407335 | |
| 583 | |a last modification |c 20130725 12:05:00 |k Rodrigo Vera | ||
| 999 | |c 352744 |d 352742 | ||
| 952 | |0 0 |1 0 |4 0 |6 378_107000000000000_PON_2004 |7 0 |8 X |9 457360 |a FDOBUD |b FDOBUD |d 2019-11-22 |i 4990374 |o 378.107 PON 2004 |p 4990374 |r 2019-11-22 |w 2019-11-22 |y BK_X |k FHP | ||
| 952 | |0 0 |1 0 |4 0 |6 378_107000000000000_PON_2004 |7 0 |8 X |9 457361 |a FDOBUD |b FDOBUD |d 2019-11-22 |i 4990382 |o 378.107 PON 2004 |p 4990382 |r 2019-11-22 |w 2019-11-22 |y BK_X |k FHP | ||